[Event "IECC CL1-2002.15"]
[Site "IECC email"]
[Date "2002.08.17"]
[Round "?"]
[White "Ivanovic, Zeljko"]
[Black "Barnes, Jonatan"]
[Result "0-1"]
[WhiteElo "2215"]
[BlackElo "2191"]
[PlyCount "80"]
[EventDate "2002.??.??"]
[EventType "tourn (corr)"]
[EventRounds "4"]
[SourceTitle "Corr 2008"]
[Source "ChessBase"]
[SourceDate "2008.06.24"]
[SourceVersion "1"]
[SourceVersionDate "2008.06.24"]
[SourceQuality "1"]

1. e4 c5 2. Nf3 e6 3. d4 cxd4 4. Nxd4 Nf6 5. Nc3 d6 6. g3 a6 7. Bg2 Qc7 8. 0-0 Be7 9. Re1 0-0 10. a4 Nc6 11. b3 Bd7 12. Bb2 Rac8 13. Nde2 Rfd8 14. Nf4 Ne5 15. a5 Nc6 16. Bh3 Nxa5 17. Ncd5 Nxd5 18. exd5 e5 19. Bxd7 Rxd7 20. Ne2 b6 21. Bc3 Ra8 22. Bxa5 bxa5 23. Qd3 Rdd8 24. Ra4 Rdc8 25. Rc1 Bg5 26. Rc4 Qd7 27. Rxc8+ Rxc8 28. Ra1 Bd8 29. Kg2 f5 30. Ra4 Rc5 31. h3 g6 32. c4 Rc8 33. Qc3 Rb8 34. Ra3 Qb7 35. Nc1 Qb4 36. Qxb4 Rxb4 37. g4 Kf7 38. Ne2 Kf6 39. f4 h6 40. fxe5+ Kxe5 0-1